| 000 -LEADER |
| fixed length control field |
00593nam a22001817a 4500 |
| 003 - CONTROL NUMBER IDENTIFIER |
| control field |
OSt |
| 005 - DATE AND TIME OF LATEST TRANSACTION |
| control field |
20190103111036.0 |
| 008 - FIXED-LENGTH DATA ELEMENTS--GENERAL INFORMATION |
| fixed length control field |
180220b xxu||||| |||| 00| 0 spa d |
| 040 ## - CATALOGING SOURCE |
| Transcribing agency |
PJ |
| 100 ## - ASIENTO PRINCIPAL - NOMBRE DE PERSONA |
| 9 (RLIN) |
537 |
| Personal name |
Solomon, Lewis D. |
| 245 14 - MENCIÓN DE TÍTULO |
| Título propiamente dicho |
Las empresas multinacionales : |
| Parte restante del título |
y el nuevo orden mundial / |
| Mención de responsabilidad, etc |
Lewis D. Solomon. |
| 260 ## - PUBLICATION, DISTRIBUTION, ETC. (IMPRINT) |
| Place of publication, distribution, etc |
Buenos Aires : |
| Name of publisher, distributor, etc |
La Ley, |
| Date of publication, distribution, etc |
1980. |
| 300 ## - DESCRIPCION FISICA |
| Extent |
306 p. |
| Dimensions |
25 cm. |
| 504 ## - NOTA DE BIBLIOGRAFÍA, ETC. |
| Bibliography, etc |
Notas y citas bibliográficas al final de cada capítulo. |
| 650 #0 - ASIENTO SECUNDARIO DE MATERIA - TERMINO TEMATICO |
| Topical term or geographic name as entry element |
ECONOMIA Y FINANZAS |
| 9 (RLIN) |
292 |
| 650 #0 - ASIENTO SECUNDARIO DE MATERIA - TERMINO TEMATICO |
| Topical term or geographic name as entry element |
EMPRESAS MULTINACIONALES |
| 9 (RLIN) |
535 |
| 942 ## - ADDED ENTRY ELEMENTS (KOHA) |
| Source of classification or shelving scheme |
|
| Koha item type |
Libros |
| Classification part |
339.726 |
| Item part |
SOL |